000
00321 a2200145 4500
001
162859
020
_a
040
_c
Magnum
100
_a
Rodrigues, Eustaquio
240
1
0
_a
A crianca e seus direitos
_l
por
245
1
0
_a
A crianca e seus direitos
362
0
_a
1899
697
_a
IJ/AVENTURA, CRIANCAS
942
_c
BK
999
_c
162859
_d
162859